000 00401nam a2200157Ia 4500
003 GCL
008 140319s9999 xx 000 0 ara d
040 _aGCL /
_cGCL
082 0 4 _aد
_b050
100 1 _aمحمد التابعى
245 1 0 _aرسائل و اسرار (اقرا 333) /
_cمحمد التابعى
300 _a160
490 _aاقرأ
_v0
650 0 4 _aمقالات
942 _2ddc
_cBK
999 _c48648
_d48648